<?xml version="1.0" encoding="UTF-8"?>
<marc:record xmlns:marc="http://www.loc.gov/MARC21/slim">
   <marc:leader>00000nam a2200000 a 4500</marc:leader>
   <marc:datafield ind1="1" ind2=" " tag="100">
      <marc:subfield code="a">Rebanks, James</marc:subfield>
      <marc:subfield code="4">aut</marc:subfield>
      <marc:subfield code="e">Verfasser/-in</marc:subfield>
   </marc:datafield>
   <marc:datafield ind1=" " ind2=" " tag="653">
      <marc:subfield code="a">Frühjahr</marc:subfield>
   </marc:datafield>
   <marc:datafield ind1=" " ind2=" " tag="653">
      <marc:subfield code="a">autobiografisches Buch</marc:subfield>
   </marc:datafield>
   <marc:datafield ind1=" " ind2=" " tag="653">
      <marc:subfield code="a">Freundschaft</marc:subfield>
   </marc:datafield>
   <marc:datafield ind1=" " ind2=" " tag="653">
      <marc:subfield code="a">Insel / Schauplatz</marc:subfield>
   </marc:datafield>
   <marc:datafield ind1=" " ind2=" " tag="653">
      <marc:subfield code="a">Natur</marc:subfield>
   </marc:datafield>
   <marc:datafield ind1="0" ind2="0" tag="245">
      <marc:subfield code="a">Insel am Rand der Welt</marc:subfield>
   </marc:datafield>
   <marc:datafield ind1="0" ind2="0" tag="245">
      <marc:subfield code="c">James Rebanks. Aus dem Englischen von Henning Ahrens</marc:subfield>
   </marc:datafield>
   <marc:datafield ind1=" " ind2="1" tag="264">
      <marc:subfield code="a">München</marc:subfield>
      <marc:subfield code="b">Penguin Random House</marc:subfield>
      <marc:subfield code="c">2025</marc:subfield>
   </marc:datafield>
   <marc:datafield ind1=" " ind2=" " tag="250">
      <marc:subfield code="a">1. Auflage 2025</marc:subfield>
   </marc:datafield>
   <marc:datafield ind1="1" ind2=" " tag="520">
      <marc:subfield code="a">Ein magisches Buch über einen lebensverändernden Frühling am Ende der Welt. Drei Monate verbringt James Rebanks auf einer norwegischen Insel, wo im Frühjahr schwere Stürme toben, wo im kurzen Sommer die Sonne das Meer Tag und Nacht leuchten lässt, wo die Gezeiten das Leben bestimmen. Hier, auf der letzten Insel vor dem offenen, wilden Atlantik, begegnet Rebanks der alten Norwegerin Anna: einer zähen Frau, die ganz im Einklang mit der Natur lebt und sich weigert, sich von der Hektik der modernen Zeit vereinnahmen zu lassen. Im Lauf der Monate entwickelt sich eine innige Freundschaft zwischen ihnen, und James lernt von Anna, dass es sich lohnt, für das zu kämpfen, was einem wichtig ist. (Verlagsinformation) Stimmen zum Buch: "Dieses Buch fühlt sich nicht nur an wie ein moderner Klassiker, sondern auch wie einer, den wir gerade jetzt dringend brauchen - menschenfreundlich, sanft und seltsam fesselnd, in wunderschönem Rhythmus erzählt." (George Saunders); "Eine leise, berührende Fabel über die Sehnsucht, eine sterbende Welt zu retten." ("Sydney Morning Herald"); "Einfühlsam und bezaubernd... Rebanks ist ein außergewöhnlicher Autor, und dieses Buch wird lange in Erinnerung bleiben." ("Daily Telegraph"); "Eine poetische, wehmütige und zärtliche Hymne auf eine verschwindende Lebensweise." ("Financial Times")</marc:subfield>
   </marc:datafield>
   <marc:datafield ind1=" " ind2=" " tag="020">
      <marc:subfield code="a">9783328604198</marc:subfield>
      <marc:subfield code="9">9783328604198</marc:subfield>
   </marc:datafield>
   <marc:datafield ind1=" " ind2=" " tag="041">
      <marc:subfield code="a">ger</marc:subfield>
   </marc:datafield>
   <marc:datafield ind1=" " ind2=" " tag="500">
      <marc:subfield code="a">Die Originalausgabe erschien 2024 unter dem Titel "The Place of Tides" bei Allen Lane, London.</marc:subfield>
   </marc:datafield>
   <marc:datafield ind1=" " ind2=" " tag="300">
      <marc:subfield code="a">302 Seiten</marc:subfield>
   </marc:datafield>
</marc:record>
